| 000 | 00399nam a2200133 i 4500 | ||
|---|---|---|---|
| 001 | 58647 | ||
| 003 | ES-MaACL | ||
| 007 | t| | ||
| 008 | 031023s1960 sp ||||1| spa d | ||
| 245 | 0 | 3 |
_aLa educación en el plano internacional _b: educación primaria : educación media. |
| 260 |
_a[S.l. : _bs.n., _c1960] ( _eMadrid : _fOrbe) |
||
| 300 |
_a2 v. ; _c25 cm. |
||
| 852 |
_aES-MaACL _jE-4756-7 _bR.47231 |
||
| 999 |
_c58647 _d58647 |
||